000 00343nam a2200157Ia 4500
003 OSt
005 20240312104559.0
008 170523s9999 xx 000 0 und d
020 _a978-9389347661
040 _ciimtu meerut
100 _aSRINIVASAN- R
245 0 _aSTRATEGIC MANAGEMENT
260 _bPHI
260 _c2002
942 _2ddc
_c02
999 _c1492
_d1492